Movies Quiz

Random Movies or Actor Quiz
Score 0/16 Timer 08:00
0 Plays Today
Movie Athlete/Actor % Correct
KazaamShaquille O'Neal
84.5%
The Scorpion KingDwayne Johnson
84.2%
The Naked Gun: From the Files of Police Squad!O. J. Simpson
62.9%
The Princess BrideAndré the Giant
58.4%
He Got GameRay Allen
55.3%
Failure to LaunchTerry Bradshaw
41.2%
RockyCarl Weathers
40.9%
Conan the BarbarianArnold Schwarzenegger
39.9%
Movie Athlete/Actor % Correct
The Dirty DozenJim Brown
38.8%
Double TeamDennis Rodman
38.1%
Police AcademyBubba Smith
25.4%
FirestormHowie Long
20.6%
Game of DeathKareem Abdul-Jabbar
15.8%
Meet the BrownsRick Fox
5.5%
Billy the KidJohnny Mack Brown
4.1%
The Last RebelJoe Namath
3.8%
Remove Ads.
Support Sporcle.
Get the best of Sporcle when you Go Orange. This ad-free experience offers more features, more stats, and more fun while also helping to support Sporcle. Thank you for becoming a member.

You're not logged in!

Compare scores with friends on all Sporcle quizzes.
OR
Log In

Show Comments

Extras

Top Quizzes Today


Score Distribution

Your Account Isn't Verified!

In order to create a playlist on Sporcle, you need to verify the email address you used during registration. Go to your Sporcle Settings to finish the process.

Report this User

Report this user for behavior that violates our Community Guidelines.

Details: